Countries With The Shortest Men - Statistics

General Stats
  • This quiz has been taken 19 times
  • The average score is 25 of 50
Answer Stats
cm Country % Correct
168.5 Vietnam
94%
166.8 India
88%
165.4 Cambodia
82%
162.8 Laos
82%
166.5 Pakistan
82%
167.4 Indonesia
76%
163.1 Papua New Guinea
71%
165.1 Bangladesh
65%
168.9 Malaysia
65%
169.4 Nauru
65%
164.4 Nepal
65%
164.5 Solomon Islands
65%
160.1 East Timor
59%
166.1 FS Micronesia
59%
167.0 Kiribati
59%
165.3 Marshall Islands
59%
169.9 Mongolia
59%
166.3 Myanmar
59%
165.2 Philippines
59%
166.5 Vanuatu
59%
166.3 Brunei
53%
167.3 Sri Lanka
53%
167.3 DR Congo
47%
166.7 Maldives
47%
167.1 Nigeria
47%
169.5 Peru
47%
167.9 Afghanistan
41%
169.5 Ghana
41%
167.5 Guatemala
41%
168.6 Benin
35%
168.3 Bolivia
35%
166.6 Burundi
35%
168.1 Ethiopia
35%
168.6 Gambia
35%
169.0 Guinea
35%
168.8 Honduras
35%
161.5 Madagascar
35%
166.0 Malawi
35%
166.9 Rwanda
35%
169.2 Tajikistan
35%
168.5 Zambia
35%
169.9 Angola
29%
167.7 Central African Republic
29%
169.7 Ivory Coast
29%
168.3 Liberia
29%
165.3 Mozambique
29%
168.4 Sierra Leone
29%
169.5 Tanzania
29%
169.2 Zimbabwe
29%
168.2 Cameroon
24%
No matching quizzes found
Score Distribution
Percent of People with Each Score
Percentile by Number Answered
Your Score History
You have not taken this quiz